La Biblioteca Perduta Dell'alchimista Il mercante di libri maledetti

Gorde:
Xehetasun bibliografikoak
Egile nagusia: Maecello Simoni
Formatua: Liburua
Hizkuntza:hizkuntza ezezaguna
Argitaratua: Gli Insuperabili New Compton
Etiketak: Etiketa erantsi
Etiketarik gabe, Izan zaitez lehena erregistro honi etiketa jartzen!

MARC

LEADER 00000nam a2200000Ia 4500
001 R-546
003 CODICE-MESSINA
005 20260212102453.0
008 260211s9999 xx 000 0 und d
040 |c importazione_messina 
100 |a Maecello Simoni 
245 0 |a La Biblioteca Perduta Dell'alchimista 
245 0 |b Il mercante di libri maledetti 
260 |b Gli Insuperabili New Compton  
942 |2 ddc  |c BK 
952 |0 0  |1 0  |2 ddc  |4 0  |6 SCAFFALE_5_000000000000000__ROMANZI  |7 0  |9 31366  |a ME  |b ME  |d 2026-02-11  |l 0  |o SCAFFALE 5 - ROMANZI  |p R-546  |r 2026-02-11 23:52:30  |w 2026-02-11  |x [REVISIONARE]  |y BK 
999 |c 27031  |d 27031